| 000 | 00344nam a2200133Ia 4500 | ||
|---|---|---|---|
| 005 | 20251222144805.0 | ||
| 008 | 251222s9999||||xx |||||||||||||| ||spa|| | ||
| 020 | _a978-84-7785-794-5 | ||
| 082 | _a868.7/C28 | ||
| 100 | _aCarnero, Guillermo | ||
| 245 | 0 | _aPoéticas y Entrevistas (1970-2007) | |
| 264 | _bUniversidad de Alicante | ||
| 942 | _cLIB | ||
| 999 |
_c19866 _d19866 |
||